=LDR 00000nam 2200000 4500 =001 INLIS000000000005865 =005 20130612094045 =008 ***********************************Ind** =035 ##$$0010-061300000005865 =041 ##$$a Ind =082 ##$$a 100 =090 ##$$a 100, Han i =100 ##$$a Hanafi, A =245 ##$$a Ikhtisar sejarah filsafat barat, A. Hanafi, M.A =260 ##$$a 1981 $b Jakarta =300 ##$$a 106 hlm., 21 cm =650 ##$$a Filsafat